This is the new how write for homemakers

Gorde:
Xehetasun bibliografikoak
Egile nagusia: Lou Richardson
Formatua: Liburua
Hizkuntza:Undetermined
Argitaratua: Iowa Iowa State Univ. Press 1949
Gaiak:
Etiketak: Etiketa erantsi
Etiketarik gabe, Izan zaitez lehena erregistro honi etiketa jartzen!
Thư viện lưu trữ: Trung tâm Học liệu Trường Đại học Cần Thơ
LEADER 00505nam a2200181Ia 4500
001 CTU_14608
008 210402s9999 xx 000 0 und d
082 |a 647 
082 |b R521 
100 |a Lou Richardson 
245 0 |a This is the new how write for homemakers 
245 0 |c Lou Richardson, Genevieve Callaban 
260 |a Iowa 
260 |b Iowa State Univ. Press 
260 |c 1949 
650 |a home economics 
904 |i Minh, 970106 
980 |a Trung tâm Học liệu Trường Đại học Cần Thơ